| 000 | 00899nmm a2200277 a 4500 | ||
|---|---|---|---|
| 001 | ocm000754756 | ||
| 003 | TR-IsHL | ||
| 005 | 20201028152412.0 | ||
| 008 | 150709s2000 tu tur | ||
| 007 | cr cn | ||
| 020 | _a9789753740333 | ||
| 035 |
_a754756 _b(N$T) |
||
| 050 | 0 | 4 |
_aN7161 _b.B85 2000 |
| 090 | 0 | 4 |
_aN7161 _b.B85 2000 |
| 100 | 1 | _aBüktel, Yılmaz | |
| 245 | 1 | 0 |
_aTürk sanat tarihi: (Orta Asya'dan Anadolu'ya Türk mimarisi) _h[electronic resource] / _cYılmaz Büktel |
| 250 | _a1. bs. | ||
| 260 |
_aEdirne : _bTrakya Üniversitesi, _c2000 |
||
| 300 | _a49 p. | ||
| 650 | 4 | _aMimarlık ve Tasarım | |
| 650 | 4 | _aArchitecture and Design | |
| 650 | 0 |
_aArt, Turkish _x History |
|
| 650 | 0 |
_aSanat, Türk _x Tarih |
|
| 650 | 7 |
_aSOCIAL SCIENCE / Archaeology _2bisacsh |
|
| 856 | 4 | 0 | _uhttp://search.ebscohost.com/login.aspx?direct=true&scope=site&db=e011xww&AN=754756 |
| 999 |
_c11509 _d11509 |
||